| 000 -ლიდერი |
| ფიქსირებული სიგრძის საკონტროლო ველი |
01618nam a2200265Ia 4500 |
| 001 - საკონტროლო ნომერი |
| საკონტროლო ველი |
21385 |
| 003 - საკონტროლო ნომრის იდენტიფიკატორი |
| საკონტროლო ველი |
GE_BSU |
| 005 - ბოლო ოპერაციის თარიღი და დრო |
| საკონტროლო ველი |
20220825135739.0 |
| 008 - ფიქსირებული სიგრძის მონაცემთა ელემენტები - ზოგადი ინფორმაცია |
| ფიქსირებული სიგრძის საკონტროლო ველი |
181216s2017||||ge |||||||||||||| ||geo|| |
| 020 ## - წიგნის საერთაშორისო სტანდარტული ნომერი |
| International Standard Book Number |
issn 2449-2507 |
| 040 ## - კატალოგიზაციის წყარო |
| Transcribing agency |
GE_BSU |
| 041 ## - ენის კოდი |
| Language code of text/sound track or separate title |
geo |
| 080 ## - უნივერსალური ათობითი კლასიფიკაციის ინდექსი |
| Universal Decimal Classification number |
378(063) ს-32 |
| 245 ## - ცნობა სათაურის შესახებ |
| Title |
საქართველოს მეცნიერებათა ეროვნული აკადემია. აჭარის ავტონომიური რესპუბლიკის რეგიონული სამეცნიერო ცენტრი : |
| Remainder of title |
შრომები II / |
| Statement of responsibility, etc |
მთ. რედ. ვანო პაპუნიძე ; ინგლ. ტექსტის რედ. ნ. აროშიძე ; ქართ. ტექსტის რედ. ნ. ცეცხლაძე. |
| 264 ## - წარმოების, გამოცემის, დისტრიბუციის და სხვა ცნობები |
| გამოცემის, წარმოების, დისტრიბუციის... ადგილი |
ბათუმი : |
| გამოცემის, წარმოების, დისტრიბუციის... სახელწოდება |
საქ მეცნ. ეროვნ. აკად სტამბა, |
| გამოცემის, წარმოების, დისტრიბუციის... თარიღი |
2017. |
| 300 ## - ფიზიკური აღწერა |
| Extent |
316 გვ.; |
| Other physical details |
ილ. |
| Dimensions |
30 სმ. |
| 546 ## - LANGUAGE NOTE |
| Language note |
პარალელური სათაური და შიდა ტექსტები ინგლისურ ენაზე |
| 653 ## - INDEX TERM--UNCONTROLLED |
| Uncontrolled term |
შრომები |
| 700 ## - ADDED ENTRY--PERSONAL NAME |
| Personal name |
პაპუნიძე, ვანო |
| Relator term |
მთავარი რედაქტორი |
| 9 (RLIN) |
1737 |
| 700 ## - ADDED ENTRY--PERSONAL NAME |
| Personal name |
აროშიძე, ნ. |
| Relator term |
რედაქტორი |
| 9 (RLIN) |
12847 |
| 700 ## - ADDED ENTRY--PERSONAL NAME |
| Personal name |
ცეცხლაძე, ნ. |
| Relator term |
რედაქტორი |
| 9 (RLIN) |
10297 |
| 856 ## - ELECTRONIC LOCATION AND ACCESS |
| Uniform Resource Identifier |
http://science.org.ge/newsite/ajara/ajara-works-2.pdf |
| Link text |
ელ. ვერსია pdf |
| 942 ## - ADDED ENTRY ELEMENTS (KOHA) |
| Koha item type |
წიგნი |
| Source of classification or shelving scheme |
|